000 00581 a2200193 4500
999 _c11123
_d11123
020 _a9781609040659
050 0 0 _aBC71
_bSCH 2011
100 1 _aSchedler,George
_d1917-2006.
_eauthor
245 1 3 _aAn introduction to logic /
_cGeorge Schedler
250 _aninth edition
264 _aChampaign :
_bStipes Publication,
_c2011
300 _aiii-xi, 278 pages
_billustrations
336 _2rdacontent
_atext
_btxt
337 _2rdamedia
_aunmediated
_bn
338 _2rdacarrier
_avolume
_bnc
504 _aBibliography: p. 270-274.
650 0 _aLogic.
942 _2lcc
_cBK
_h71
_iSCH
_kBC